000 00540nam a22002177a 4500
003 UA-OsUOA
001 38405
007 ta
008 20060505b un ||||| |||| 00| 0 ukr d
100 _aШершень Мирослав
090 _a32
_bШ11
942 _cSA
040 _aUA-OsUOA
_bukr
_cUA-OsUOA
_dUA-OsUOA
245 _aВетеранів розважатимуть... в нічному клубі
300 _a18 с.
955 _a0
041 _aukr
080 _a32
773 0 _w38404
650 7 _a32 Політика
_2UDC
999 _c324558
_d324558